000 00220nam a22000857a 4500
008 160915b xxu||||| |||| 00| 0 eng d
100 _9525
_aRajput. R
245 _aMathematics-7
260 _aNew Delhi
_bAmanda Publications
_c2011
999 _c3182
_d3182